000 00434pab a2200169 454500
008 180718b2011 xxu||||| |||| 00| 0 eng d
100 _aJagadeesha B. N.
245 _aSomasekhara Commission Report: Inconsistencies and contradictions
260 _c2011
300 _ap.13-17.
362 _aFeb 26
650 _aViolence
700 _aNarrain, Arvind
773 _aEconomic and Political Weekly
908 _aN
909 _a90723
999 _c90723
_d90723